Top 50 NFL Running Backs Career Earnings All Time - Statistics

General Stats
  • This quiz has been taken 37 times
  • The average score is 36 of 53
Answer Stats
Player Years Active Career Earnings Top Earning Team % Correct
Christian McCaffrey 2017‑ $97,405,363 Panthers: $52,897,716
97%
Derrick Henry 2016‑ $81,849,106 Titans: $56,849,106000
97%
Emmitt Smith 1990‑2004 $56,276,000 Cowboys: $48,776,000
97%
Adrian Peterson 2007‑2021 $102,596,360 Vikings: $94,206,471
94%
Marshawn Lynch 2007‑2019 $58,085,000 Seahawks: $38,377,353
94%
Saquon Barkley 2018‑ $80,192,750 Giants: $48,692,750
94%
Alvin Kamara 2017‑ $67,645,037 Saints: $67,645,037
91%
Ezekiel Elliott 2016‑2024 $75,852,027 Cowboys: $72,552,027
88%
Joe Mixon 2017‑ $55,390,486 Bengals: $38,978,721
88%
Josh Jacobs 2019‑ $46,265,574 Raiders: $23,324,398
88%
Aaron Jones 2017‑ $51,493,242 Packers: $34,596,183
85%
Frank Gore 2005‑2020 $62,949,625 49ers: $46,794,625
85%
Jonathan Taylor 2020‑ $39,365,541 Colts: $39,365,541
85%
Barry Sanders 1989‑1998 $33,759,500 Lions: $33,759,500
82%
David Montgomery 2019‑ $26,938,878 Lions: $21,073,530
82%
LaDainian Tomlinson 2001‑2011 $60,450,000 Chargers: $53,975,000
82%
Marshall Faulk 1994‑2007 $51,765,000 Rams: $39,270,000
82%
Nick Chubb 2018‑ $40,764,666 Browns: $38,314,666
79%
Todd Gurley 2015‑2020 $51,503,202 Rams: $46,003,202
79%
Chris Johnson 2008‑2016 $47,190,304 Titans: $40,305,010
76%
Dalvin Cook 2017‑2024 $41,480,319 Vikings: $34,353,310
76%
DeAngelo Williams 2006‑2016 $45,125,000 Panthers: $41,125,000
76%
David Johnson 2015‑2022 $38,612,609 Cardinals: $22,802,122
74%
LeSean McCoy 2009‑2020 $61,247,123 Bills: $33,875,000
74%
Shaun Alexander 2000‑2007 $34,346,649 Seahawks: $34,089,000
74%
James Conner 2017‑ $37,922,288 Cardinals: $34,680,000
68%
Jerome Bettis 1993‑2005 $33,872,500 Steelers: $30,541,250
68%
Jamaal Charles 2008‑2017 $41,957,647 Chiefs: $39,350,000
65%
Steven Jackson 2004‑2015 $52,336,618 Rams: $43,972,500
65%
Austin Ekeler 2017‑ $35,000,000 Chargers: $27,170,000
62%
Le'Veon Bell 2013‑2021 $44,808,885 Jets: $27,531,250
62%
Mark Ingram 2011‑2022 $36,765,852 Saints: $25,226,636
62%
Maurice Jones-Drew 2006‑2014 $36,590,000 Jaguars: $34,090,000
62%
Tiki Barber 1997‑2006 $29,533,250 Giants: $29,533,250
62%
Tony Pollard 2019‑ $28,246,328 Titans: $14,500,000
62%
Curtis Martin 1995‑2006 $46,882,633 Jets: $45,985,733
59%
Eddie George 1996‑2004 $32,774,510 Titans: $30,574,510
59%
Reggie Bush 2006‑2016 $63,043,750 Saints: $41,000,000
59%
Leonard Fournette 2017‑2023 $39,144,885 Jaguars: $24,550,497
56%
Matt Forte 2008‑2017 $43,714,625 Bears: $34,714,625
56%
Ray Rice 2008‑2013 $28,204,000 Ravens: $28,204,000
53%
Arian Foster 2009‑2015 $37,706,559 Texans: $36,888,397
50%
Jonathan Stewart 2008‑2018 $51,218,750 Panthers: $48,093,750
50%
Clinton Portis 2002‑2010 $48,544,750 Commanders: $46,729,750
44%
Melvin Gordon 2015‑2023 $34,437,636 Broncos: $18,397,059
44%
Michael Turner 2004‑2012 $32,425,000 Falcons: $29,000,000
44%
Darren McFadden 2008‑2016 $47,637,500 Raiders: $43,763,750
38%
Darren Sproles 2005‑2019 $44,651,100 Eagles: $17,945,000
38%
Edgerrin James 1999-2008 $35,799,750 Cardinals: $25,000,000
32%
Giovani Bernard 2013‑2022 $29,388,340 Bengals: $26,903,340
32%
Lamar Miller 2012‑2020 $29,359,684 Texans: $25,203,125
29%
C.J. Spiller 2010‑2017 $30,230,176 Bills: $20,067,087
26%
Willis McGahee 2003‑2013 $32,847,412 Ravens: $20,420,000
24%
No matching quizzes found
Score Distribution
Percent of People with Each Score
Percentile by Number Answered
Your Score History
You have not taken this quiz